| 000 | 00469nam a2200169Ia 4500 | ||
|---|---|---|---|
| 005 | 20250508153316.0 | ||
| 008 | 008 250505s9999 xx 000 0 fre d | ||
| 037 | _aBooks to be hide in OPAC | ||
| 040 |
_aFEDL _beng _cFEDL |
||
| 041 |
_afre _2eng |
||
| 084 |
_a607, FRA/O _qFEDL |
||
| 245 | 0 | _aL'enseignement technique en France. V.5 | |
| 260 |
_aParis _bImprimerie Nationale |
||
| 300 | _a774p | ||
| 942 |
_cHB _h607, FRA/O |
||
| 999 |
_c1341910 _d1341910 |
||